Is It That Element? Quiz Stats

 Plays Quiz Updated Nov 30, 2016

Challenge
Share
Tweet
Score 0/35 Timer 12:00
1 Play Today
% Correct
Yes! Helium (He)
95%
No! Sodium (Na)
85.9%
Yes! Oxygen (O)
76.7%
Yes! Silicon (Si)
75.1%
No! Yttrium (Y)
69.9%
Yes! Iron (Fe)
69.2%
Yes! Xenon (Xe)
69.2%
No! Argon (Ar)
68.5%
Yes! Bromine (Br)
67.4%
Yes! Calcium (Ca)
64.2%
Yes! Promethium (Pm)
62.9%
No! Titanium (Ti)
60.1%
No! Iodine (I)
60.1%
No! Astatine (At)
59.8%
Yes! Thallium (Tl)
59%
Yes! Cadmium (Cd)
58.7%
Yes! Bohrium (Bh)
58.6%
No! Beryllium (Be)
58.5%
% Correct
Yes! Nobelium (No)
58.3%
Yes! Erbium (Er)
57.8%
Yes! Zirconium (Zr)
57.2%
Yes! Berkelium (Bk)
55.7%
Yes! Oganesson (Og)
55%
Yes! Iridium (Ir)
53.2%
No! Cerium (Ce)
52.8%
Yes! Radium (Ra)
50.9%
No! Uranium (U)
49.2%
No! Gold (Au)
49.1%
No! Rhodium (Rh)
45.8%
No! Darmstadtium (Ds)
42.2%
No! Einsteinium (Es)
40.8%
No! Ytterbium (Yb)
40.7%
No! Zinc (Zn)
40.1%
No! Europium (Eu)
37.4%
No! Seaborgium (Sg)
33.6%

You're not logged in!

Compare scores with friends on all Sporcle quizzes.
Join for Free
OR
Log In

You Might Also Like...

Show Comments

Extras

Top Quizzes Today


Score Distribution

Your Account Isn't Verified!

In order to create a playlist on Sporcle, you need to verify the email address you used during registration. Go to your Sporcle Settings to finish the process.

Report this User

Report this user for behavior that violates our Community Guidelines.

Details: